Football par lettre - C - Statistiques

Statistiques générales
  • Ce quiz a été pris 215 fois
  • Le résultat moyen est 14 sur 20
Statistiques - réponses
Questions Réponses % Correct
Quel club anglais a connu dans ses rangs John Terry ou encore ou Petr Cech ? FC Chelsea
99%
Quel gardien belge fait le bonheur du Réal Madrid depuis 2018 ? Thibaut Courtois
97%
Quel terme anglais est la traduction littérale du terme "coup de pied de coin" ? Corner
95%
Quel attaquant parisien était le meilleur buteur du club avant l'avènement de Kylian Mbappé ? Edinson Cavani
95%
Quel milieu brésilien a formé un trio magique au Réal Madrid aux côtés de Toni Kroos et Luka Modric ? Casemiro
88%
Quel est le nom du mythique stade du FC Barcelone, le plus grand d'Europe ? Camp Nou
87%
Quel attaquant français au fort caractère a ébloui la Premier League dans les années 1990 ? Eric Cantona
87%
Dans club Zinédine Zidane a-t-il été formé ? US Cannes
86%
Quel club anglais, souvent présent dans le milieu de tableau était le club de Michael Olise avant sa signature au Bayern Munich ? Crystal Palace
83%
Quel pays a remporté la CAN en 2024 après un début de compétition très compliqué ? Côte d'Ivoire
81%
Quel club danois a réussi a se qualifier en huitième de finale de Ligue des Champions en 2023/2024 ? FC Copenhague
75%
Pour quelle phase de jeu les footballeurs Juninho, Beckham ou encore Pirlo sont-ils réputés ? Coups franc
70%
Quel ville auvergnate, plus réputée pour son club de Rugby évolue régulièrement dans les deux premières divisions françaises. Clermont-Ferrand
68%
Quel attaquant français s'étant révélé à l'AJ Auxerre a fini deux fois meilleur buteur de Ligue 1 ? Djibril Cissé
60%
Quel milieu offensif anglais des années 1960 est considéré comme le meilleur joueur de l'histoire de Manchester United ? Bobby Charlton
57%
Quel club sarde a remporté un scudetto lors de la saison 1969/1970 ? Cagliari Calcio
51%
Quel club chilien est le plus titré du pays ? Colo-Colo
49%
Quel club français a crée la surprise en se qualifiant en finale de coupe de France 2000 face au FC Nantes ? RC Calais
34%
Quel défenseur italien des années 1990-2000 est l'un des joueurs les plus capés de l'AC Milan ? Alessandro Costacurta
16%
Qui était le mythique gardien yougoslave de l'AS Saint-Etienne dans les années 1970 ? Ivan Curkovic
10%
Aucun quiz correspondant
Distribution des résultats
% des personnes avec chaque résultat
Percentile par nombre de réponses
Votre historique - résultats
Vous n’avez pas pris ce quiz